• 首页
  • 本馆介绍
  • 公告通知
  • 最新文献
  • 馆藏检索
  • 电子资源
  • 读者导购
  • 参考咨询
  • 我的图书馆
  • 登录
  • 详细信息显示
  • 放入我的书架
  • 预约/预借图书
  • 作者相关作品
  • 分类相关作品
  • 丛书相关作品
  • 出版社相关作品

书目信息

  • 表格格式
  • 工作单格式
  • 卡片格式
题名:
港澳知识手册
    
 
作者: ;中华儿女杂志社 编
分册:  
出版信息: 北京   昆仑出版社  1996
页数: 392页
开本: 19cm
丛书名:
单 册:
中图分类: D625.658-62 , D625.658
科图分类:
主题词: 人民政府--中国--香港--手册 , 人民政府--中国--澳门--手册
电子资源:
ISBN: 7-80040-253-3
000 00666nam0 2200229 45
001 1560548378
005 20150117164948.17
010    @a7-80040-253-3@dCNY15.00
100    @a19970901d1996 em y0chiy0121 ea
101 0  @achi
102    @aCN@b110000
105    @ay zr 000yy
200 10 @a港澳知识手册@Agang ao zhi shi shou ce@f中华儿女杂志社编@FZhong Hua Er Nu Za Zhi She Bian
210    @a北京@c昆仑出版社@d1996
215    @a392页@d19cm
606    @a人民政府@x中国@y香港@x手册
606    @a人民政府@x中国@y澳门@x手册
690    @aD625.658-62@v3
690    @aD625.658@v4
711 02 @a中华儿女杂志社@4编
801  0 @aCN@bTSSF@c20150117
905    @dD625.658@eJY1
    
    港澳知识手册/中华儿女杂志社编.-北京:昆仑出版社,1996
    392页;19cm
    
    
    ISBN 7-80040-253-3:CNY15.00
    
●
相关链接 在E读中查询图书 在五车中查询图书 在当当中查询图书 在豆瓣中查询图书


正题名:港澳知识手册     索取号:D625.658/JY1         预约/预借

序号 登录号 条形码 馆藏地/架位号 状态 备注
1 7853447   278534472   学院路分馆/ [索取号:D625.658/JY1] 在馆    
唐山师范学院图书馆 欢迎您!
大连网信软件有限公司© 版权所有